| 000 | 03384nam2a2200301 4500 | ||
|---|---|---|---|
| 001 | RU\NLR\BIBL_A\022740961 | ||
| 005 | 20260405053337.0 | ||
| 035 | _a(NLR Aleph) 022740961 | ||
| 090 |
_a13557405 _c13557405 |
||
| 100 | _a20061002d1896 u y0rusy50 ca | ||
| 101 | 1 |
_arus _ceng |
|
| 102 | _aRU | ||
| 105 | _ay z 000ay | ||
| 200 | 1 |
_aЖизнь и приключения Мартына Чезльуита _h[Ч. 1] _eроман _f[перевод И. И. Ясинскаго] |
|
| 210 | _d1896 | ||
| 215 | _a376 с. | ||
| 225 | 1 |
_a... _vт. 45 |
|
| 300 | _aНа 3-й с. частное загл.: Жизнь и приключения Мартына Чезльуита, его родственников, друзей и врагов, включая все его мысли и поступки, с историческими указаниями того, что он совершал и чего не совершал, с объяснением вдобавок, кто унаследовал фамильныя блюда, кто овладел серебряными ложками и кому достался деревянный уполовник. Вс е в общем прекрасный ключ к дому Чезльуитов | ||
| 461 | 0 |
_1001v19\rc\1600392 _12001#$aСобрание сочинений Чарльза Диккенса$e[перевод$fредактор: Ф. И. Булгаков]$vТ. 4 _1700#1$aДиккенс$bЧ.$f1812-1870$gЧарлз$3RU\NLR\AUTH\7713978 _95582498 _aДиккенс, Ч. (1812-1870) _cС.-Петербург [Санкт-Петербург] _d1896–1899 _fредактор: Ф. И. Булгаков] _nГ. Ф. Пантелеев _o[перевод _p35 т. _tСобрание сочинений Чарльза Диккенса _vТ. 4 |
|
| 500 | 1 | 0 | _aМартин Чезлвит |
| 513 | 1 | _aЖизнь и приключения Мартына Чезльуита, его родственников, друзей и врагов, включая все его мысли и поступки, с историческими указаниями того, что он совершал и чего не совершал, с объяснением вдобавок, кто унаследовал фамильныя блюда, кто овладел серебряными ложками и кому достался деревянный уполовник. Все в общем прекрасный ключ к дому Чезльуитов | |
| 518 | 1 | _aЖизнь и приключения Мартына Чезльуита, его родственников, друзей и врагов, включая все его мысли и поступки, с историческими указаниями того, что он совершал и чего не совершал, с объяснением вдобавок, кто унаследовал фамильные блюда, кто овладел серебряными ложками и кому достался деревянный половник. Все в общем прекрасный ключ к дому Чезльуитов | |
| 702 | 1 |
_4730 _8rus _7ca _aЯсинский _bИ. И. _f1850-1931 _gИероним Иеронимович _3RU\NLR\AUTH\7717199 _9289 |
|
| 852 |
_aNLR _j18.243.6.1(4) |
||
| 942 | _cUNSPEC | ||
| 980 | _aNB | ||